Advanced Numerical Methods to Optimize Cutting Operations of Five Axis Milling Machines / (Record no. 32463)

000 -LEADER
fixed length control field 00456nam a22001697a 4500
003 - CONTROL NUMBER IDENTIFIER
control field NUST
020 ## - INTERNATIONAL STANDARD BOOK NUMBER
International Standard Book Number 9783642090226
038 ## - RECORD CONTENT LICENSOR
Staff Name khadija
082 ## - DEWEY DECIMAL CLASSIFICATION NUMBER
Classification number 519.4
Author Mark MAK
100 ## - MAIN ENTRY--PERSONAL NAME
Personal name MAKHANOV, STANISLAV S.
9 (RLIN) 82527
245 ## - TITLE STATEMENT
Title Advanced Numerical Methods to Optimize Cutting Operations of Five Axis Milling Machines /
260 ## - PUBLICATION, DISTRIBUTION, ETC.
Place of publication, distribution, etc. Berlin:
Name of publisher, distributor, etc. Springer;
Date of publication, distribution, etc. 2007.
300 ## - PHYSICAL DESCRIPTION
Extent 206p, ;
Other physical details 18 cm.
500 ## - GENERAL NOTE
General note Paperback.
563 ## - BINDING INFORMATION
Binding note paperback
942 ## - ADDED ENTRY ELEMENTS (KOHA)
Koha item type Book
Source of classification or shelving scheme
Holdings
Withdrawn status Lost status Source of classification or shelving scheme Damaged status Not for loan Permanent Location Current Location Shelving location Date acquired Full call number Barcode Date last seen Price effective from Koha item type Public note
          School of Mechanical & Manufacturing Engineering (SMME) School of Mechanical & Manufacturing Engineering (SMME) General Stacks 09/28/2015 519.4 MAK SMME-1309 03/28/2018 09/28/2015 Book Rack,44-Shelf,1
© 2023 Central Library, National University of Sciences and Technology. All Rights Reserved.